| 000 | 00633nam a2200217 a 4500 | ||
|---|---|---|---|
| 999 |
_c4096 _d4096 |
||
| 001 | 4096 | ||
| 003 | BD-JhCC | ||
| 005 | 20180327081728.0 | ||
| 008 | 171122s1373 bg |||| ||a| 00| 0 ben d | ||
| 035 | _a(BD-JhCC) 4096 | ||
| 040 |
_aBD-JhCC _dBD-JhCC |
||
| 041 | _aben | ||
| 082 |
_a891.4415 _bKAM 1373 |
||
| 100 | _aকামাল, সুফিয়া | ||
| 245 |
_aসাঁজের মায়া / _cসুফিয়া কামাল, |
||
| 260 |
_aঢাকা : _bপ্রিমিয়ার বুকস , _c1373 |
||
| 300 |
_a79 p .: _c22 cm . |
||
| 650 | _aBengali Poem | ||
| 942 |
_2ddc _cBK |
||